Opciones del desarrollo y la integración en América Latina

Furkejuvvon:
Bibliográfalaš dieđut
Váldodahkki: Martner, Gonzalo Daniel
Materiálatiipa: Texto
Almmustuhtton: s.l.: s.e.
Fáddágilkorat: Lasit fáddágilkoriid
Eai fáddágilkorat, Lasit vuosttaš fáddágilkora!

MARC

LEADER 00000 a a2200000 04500
001 23731
003
040
090 |a 167200  
100 |a Martner, Gonzalo Daniel  
245 |a Opciones del desarrollo y la integración en América Latina  
260 |a s.l.:   |b s.e.  
300 |a 24 p.  
999 |c 10597  |d 10597